<?xml version="1.0" encoding="UTF-8"?>
<resp>
  <nextPage>https://data.bn.org.pl/api/networks/bibs.marcxml?marc=001+b00001150001512&amp;sinceId=1150001513</nextPage>
  <collection>
    <record xmlns='http://www.loc.gov/MARC21/slim'><leader>01254namZa2200385ZiZ4500</leader><controlfield tag='001'>b00001150001512</controlfield><controlfield tag='005'>20260402111628.2</controlfield><controlfield tag='008'>230609s        pl           |000 0 pol c</controlfield><controlfield tag='009'>9913261543205606</controlfield><datafield ind1=' ' ind2=' ' tag='020'><subfield code='a'>837384483X</subfield></datafield><datafield ind1=' ' ind2=' ' tag='020'><subfield code='a'>9788373844834</subfield></datafield><datafield ind1=' ' ind2=' ' tag='035'><subfield code='a'>KR_1KR_1_20120317225704092262-48omnis_kr</subfield></datafield><datafield ind1=' ' ind2=' ' tag='035'><subfield code='a'>KR_1_20120317225704092262</subfield><subfield code='9'>ExL</subfield></datafield><datafield ind1=' ' ind2=' ' tag='035'><subfield code='a'>(PL)b00001150001512</subfield></datafield><datafield ind1=' ' ind2=' ' tag='040'><subfield code='a'>KR_1</subfield><subfield code='c'>KR_1</subfield></datafield><datafield ind1='1' ind2=' ' tag='041'><subfield code='a'>pol</subfield><subfield code='h'>eng</subfield></datafield><datafield ind1='1' ind2=' ' tag='100'><subfield code='a'>Prior, Lily</subfield><subfield code='d'>(1966- )</subfield></datafield><datafield ind1='1' ind2='0' tag='245'><subfield code='a'>La cucina /</subfield><subfield code='c'>Lily Prior ; przeł. Ewa Bartłomiejczyk.</subfield></datafield><datafield ind1=' ' ind2=' ' tag='260'><subfield code='a'>Wrocław :</subfield><subfield code='b'>Wydaw. Dolnośląskie,</subfield><subfield code='c'>2006.</subfield></datafield><datafield ind1=' ' ind2=' ' tag='300'><subfield code='a'>243 s. ;</subfield><subfield code='c'>20 cm.</subfield></datafield><datafield ind1='1' ind2=' ' tag='490'><subfield code='a'>Seria do Torebki</subfield></datafield><datafield ind1=' ' ind2=' ' tag='500'><subfield code='a'>p</subfield></datafield><datafield ind1=' ' ind2=' ' tag='501'><subfield code='a'>U góry okł.: Włoska kuchnia i namiętna miłość.</subfield></datafield><datafield ind1=' ' ind2='9' tag='650'><subfield code='a'>Powieść angielska</subfield><subfield code='y'>20 w.</subfield></datafield><datafield ind1='1' ind2=' ' tag='700'><subfield code='a'>Bartłomiejczyk, Ewa</subfield><subfield code='e'>Tł.</subfield></datafield><datafield ind1=' ' ind2=' ' tag='852'><subfield code='b'>48OMNIS_NETWORK</subfield><subfield code='8'>9913261543205606</subfield></datafield><datafield ind1=' ' ind2=' ' tag='852'><subfield code='b'>48OMNIS_MBPG</subfield><subfield code='8'>991002505829708210</subfield></datafield><datafield ind1=' ' ind2=' ' tag='852'><subfield code='b'>48OMNIS_TL</subfield><subfield code='8'>991000133619608218</subfield></datafield><datafield ind1=' ' ind2=' ' tag='852'><subfield code='8'>22796088830008210</subfield><subfield code='j'>1</subfield><subfield code='b'>F12</subfield><subfield code='p'>10188734</subfield><subfield code='c'>UBYTKI_F12</subfield></datafield><datafield ind1=' ' ind2=' ' tag='852'><subfield code='8'>22796088810008210</subfield><subfield code='j'>1</subfield><subfield code='b'>C</subfield><subfield code='p'>10441345</subfield><subfield code='c'>UBYTKI_C</subfield></datafield><datafield ind1=' ' ind2=' ' tag='920'><subfield code='a'>83-7384-483-X</subfield></datafield><datafield ind1=' ' ind2=' ' tag='920'><subfield code='a'>978-83-7384-483-4</subfield></datafield></record>
  </collection>
</resp>
